000 00365nam a2200145Ia 4500
008 230917s9999||||xx |||||||||||||| ||und||
040 _e190412
_aMAIN
041 _aEnglish
082 _a891.421 G346G
100 _aGhuman, Bikram Singh
245 0 _aGurbani: Chintan ke kala
260 _aAmritsar
_bWaris Shah Foundation
_c2003
300 _a184 p.
942 _cBK
999 _c82712
_d82712